Les meilleurs buteurs de la Coupe du Monde de Football 2018 - Statistiques

Statistiques générales
  • Ce quiz a été pris 90 fois
  • Le résultat moyen est 6 sur 10
Statistiques - réponses
Classement Nombre de buts Joueurs % Correct
3 4 buts Kylian Mbappé
99%
4 4 buts Antoine Griezmann
92%
5 4 buts Cristiano Ronaldo
84%
1 6 buts Harry Kane
84%
2 4 buts Romelu Lukaku
61%
7 3 buts Eden Hazard
59%
10 3 buts Ivan Perisic
48%
9 3 buts Mario Mandzukic
45%
6 4 buts Denis Cherichev
7%
8 3 buts Yerry Mina
1%
Aucun quiz correspondant
Distribution des résultats
% des personnes avec chaque résultat
Percentile par nombre de réponses
Votre historique - résultats
Vous n’avez pas pris ce quiz